000 00450nam a2200181Ia 4500
001 8519
005 20260306160615.0
008 260306t2011||||xx |||||||||||||| ||spa||
041 _aESP
082 _a371.102
_bC28
100 _aCarrasco, José Bernardo
_eAUT
245 0 _aEnseñar hoy:
_bdidáctica básica para profesores
260 _c2011
300 _a219 páginas :
_c23 cm.
650 _aGEN
654 _aCED
942 _cLIB
_dJUS
_fJUS
_2ddc
_n
999 _c8519
_d8519